000 01318nam a22003977a 4500
001 2298111
003 OSt
005 20210422060249.0
008 800214s1981 nyu b 001 0 eng
010 _a 80011701
020 _a0195026942
040 _aeng
_cDLC
_deng
_beng
041 _aeng
050 0 0 _aQM451
_b.B7853 1981
060 _aWL101 B864n
080 _a616.8
_bB-87
082 0 0 _a611/.8
100 1 _aBrodal, Alf,
_d1910-
245 1 0 _aNeurological anatomy in relation to clinical medicine /
_cA. Brodal.
_b/ by: Oxford University Press
250 _a3rd edition
260 _aNew York :
_bOxford University Press,
_c1981.
300 _axvii, 1053 p. :
_bill. ;
_c24 cm.
500 _aIncludes index.
504 _aBibliography: p. [853]-1035.
650 0 _aNeuroanatomy.
650 0 _aNeurology
_9100
650 0 _aNervous system
_xDiseases
_xDiagnosis.
650 2 _aNervous system
_xAnatomy and histology.
650 2 _aNeurologic Manifestations.
653 _aნევროლოგია
653 _aნეიროანატომია
653 _aნერვული სისტემა
856 4 2 _3Publisher description
_uhttp://www.loc.gov/catdir/enhancements/fy0603/80011701-d.html
906 _a7
_bcbc
_corignew
_d1
_eocip
_f19
_gy-gencatlg
942 _2udc
_cBK
_e3
999 _c807
_d807